[Event "Schacholympiade 2008"]
[Site "Dresden"]
[Date "2008.11.15"]
[Round "3"]
[White "Lomineishvili, Maia"]
[Black "Vasiliev, Olga"]
[Result "1-0"]
[WhiteElo "2437"]
[BlackElo "2235"]
[PlyCount "60"]
[EventDate "2008.11.12"]
[WhiteTeam "Georgien"]
[BlackTeam "Israel"]
[WhiteTeamCountry "GEO"]
[BlackTeamCountry "ISR"]

1. d4 d5 2. c4 dxc4 3. Nf3 c6 4. e3 Be6 5. a4 Nf6 6. Na3 Bd5 7. Nxc4 e6 8. Bd3
c5 9. O-O Nc6 10. Nce5 cxd4 11. exd4 Be7 12. Be3 O-O 13. Rc1 Qb6 14. Qe2 Qb4
15. Bb5 a6 16. Bxc6 bxc6 17. Nxc6 Bxc6 18. Rxc6 Qxa4 19. Rfc1 Nd5 20. Ne5 Rfd8
21. Qh5 Rf8 22. Qg4 Rad8 23. Qe2 a5 24. h3 Nb4 25. R6c4 Qb5 26. Qg4 Bf6 27. Rc5
Qa6 28. Ra1 a4 29. Ra3 Nd5 30. Bh6 Kh8 1-0

[Event "Schacholympiade 2008"]
[Site "Dresden"]
[Date "2008.11.17"]
[Round "5"]
[White "Javakhishvili, Lela"]
[Black "Kosintseva, Tatiana"]
[Result "1/2-1/2"]
[WhiteElo "2473"]
[BlackElo "2513"]
[PlyCount "107"]
[EventDate "2008.11.12"]
[WhiteTeam "Georgien"]
[BlackTeam "Russland"]
[WhiteTeamCountry "GEO"]
[BlackTeamCountry "RUS"]

1. d4 Nf6 2. c4 e6 3. Nc3 Bb4 4. Qc2 O-O 5. e4 d5 6. e5 Ne4 7. Bd3 c5 8. Nge2
cxd4 9. Nxd4 Nd7 10. Bf4 Ndc5 11. O-O Nxd3 12. Qxd3 Bxc3 13. bxc3 b6 14. cxd5
Qxd5 15. Rfd1 Bb7 16. c4 Qa5 17. Nb5 Bc6 18. a4 Qb4 19. Nd6 Rad8 20. f3 Nxd6
21. exd6 Bxa4 22. Rdb1 Qc5+ 23. Be3 Bc2 24. Qc3 Qf5 25. Rb2 Bd3 26. c5 bxc5 27.
Qxc5 Qxc5 28. Bxc5 a6 29. Rd2 Bb5 30. d7 f6 31. Bxf8 Kxf8 32. Rc1 Rxd7 33. Rxd7
Bxd7 34. Rc7 Bb5 35. Kf2 h6 36. f4 Kg8 37. Ke3 Kh7 38. Re7 Bc4 39. Kd4 Bf1 40.
Rxe6 Bxg2 41. Rxa6 Bh3 42. Ra3 Bf5 43. Rf3 Kg6 44. Rg3+ Kf7 45. Kd5 g6 46. Kd6
h5 47. Ra3 Kf8 48. Ra7 Bg4 49. Rb7 Bf5 50. Rb5 Bg4 51. Rb3 Bf5 52. Ra3 Kf7 53.
Ra5 Bg4 54. Ra7+ 1/2-1/2

[Event "Schacholympiade 2008"]
[Site "Dresden"]
[Date "2008.11.17"]
[Round "5"]
[White "Kosintseva, Nadezhda"]
[Black "Lomineishvili, Maia"]
[Result "1/2-1/2"]
[WhiteElo "2468"]
[BlackElo "2437"]
[PlyCount "209"]
[EventDate "2008.11.12"]
[WhiteTeam "Russland"]
[BlackTeam "Georgien"]
[WhiteTeamCountry "RUS"]
[BlackTeamCountry "GEO"]

1. e4 c5 2. Nf3 d6 3. d4 cxd4 4. Nxd4 Nf6 5. Nc3 g6 6. Be2 Bg7 7. O-O O-O 8.
Bg5 Nc6 9. Nb3 b6 10. f4 Bb7 11. Bf3 Rc8 12. Rb1 a5 13. Kh1 Nd7 14. Bg4 Nb4 15.
Nd4 Rc5 16. a3 Nc6 17. Nxc6 Bxc6 18. Nd5 Bxd5 19. exd5 Nf6 20. Bf3 Qc8 21. c3
Qf5 22. Re1 h6 23. Bh4 Qxf4 24. Bf2 Ng4 25. Bg1 Ne5 26. Bxc5 bxc5 27. Rf1 Rb8
28. Qc2 Qh4 29. Be2 Ng4 30. Bxg4 Qxg4 31. b4 axb4 32. cxb4 cxb4 33. Rxb4 Rxb4
34. axb4 Qxb4 35. Qc8+ Kh7 36. Qe8 Qe4 37. Qxf7 Qe5 38. Qe6 Qg5 39. Re1 h5 40.
Qf7 Qd2 41. Qxe7 Qxd5 42. Qe2 Qg5 43. Qf3 d5 44. g3 d4 45. Kg2 Qd2+ 46. Re2 Qg5
47. Qe4 Qd8 48. Rc2 Qg5 49. Rc6 Qd2+ 50. Kh3 Qg5 51. Rd6 Kh6 52. Rd5 Qf6 53.
Qf4+ Kh7 54. Qxf6 Bxf6 55. Kg2 Kg7 56. Kf3 Kf7 57. Ke4 Ke6 58. Ra5 Kf7 59. Ra7+
Ke6 60. Ra6+ Kf7 61. Rb6 Kg7 62. Rb7+ Kh6 63. Rf7 Bh8 64. Kf4 Bg7 65. h3 Bh8
66. g4 hxg4 67. hxg4 Bg7 68. g5+ Kh7 69. Rd7 Kg8 70. Ke4 d3 71. Rxd3 Bb2 72.
Rd1 Kg7 73. Rd7+ Kg8 74. Rc7 Kf8 75. Kd5 Kg8 76. Ke6 Kf8 77. Rf7+ Kg8 78. Rb7
Bc3 79. Rd7 Bb2 80. Rc7 Kf8 81. Kd5 Kg8 82. Rc2 Ba1 83. Ra2 Bc3 84. Ke6 Kg7 85.
Rc2 Bd4 86. Kd5 Ba1 87. Rc1 Bb2 88. Rb1 Bc3 89. Ke4 Kf7 90. Kd3 Be5 91. Re1 Bb2
92. Kc2 Bd4 93. Kb3 Kg8 94. Kc4 Bb2 95. Kd5 Bc3 96. Re7 Bb2 97. Ke6 Bc3 98. Kd7
Bb2 99. Ke8 Bc3 100. Rf7 Bb2 101. Rf6 Kg7 102. Ke7 Bc3 103. Rf3 Bb2 104. Rf7+
Kg8 105. Rf8+ 1/2-1/2

[Event "Schacholympiade 2008"]
[Site "Dresden"]
[Date "2008.11.17"]
[Round "5"]
[White "Khukhashvili, Sopiko"]
[Black "Pogonina, Natalija"]
[Result "0-1"]
[WhiteElo "2409"]
[BlackElo "2474"]
[PlyCount "150"]
[EventDate "2008.11.12"]
[WhiteTeam "Georgien"]
[BlackTeam "Russland"]
[WhiteTeamCountry "GEO"]
[BlackTeamCountry "RUS"]

1. e4 c5 2. Nf3 d6 3. d4 cxd4 4. Nxd4 Nf6 5. Nc3 g6 6. Be2 Bg7 7. O-O O-O 8.
Be3 Nc6 9. Nb3 b6 10. f4 Bb7 11. Bf3 Nd7 12. Qd2 Nc5 13. Rad1 Rc8 14. Qf2 Ba6
15. Rfe1 Bxc3 16. bxc3 Na4 17. Bd2 Nb8 18. Bg4 Nxc3 19. Bxc3 Rxc3 20. e5 Qc7
21. exd6 exd6 22. Rd2 Nc6 23. Qh4 Qd8 24. Qh6 Qf6 25. Be2 Re8 26. f5 Rce3 27.
fxg6 Qxg6 28. Qxg6+ hxg6 29. Kf2 Rxe2+ 30. Rexe2 Rxe2+ 31. Rxe2 Bxe2 32. Kxe2
Kf8 33. c3 Ke7 34. Ke3 Ke6 35. Kf4 a5 36. g4 a4 37. Nd2 Ne7 38. Ke4 g5 39. Nf3
d5+ 40. Kd3 f6 41. h4 gxh4 42. Nxh4 Nc6 43. Ke3 Ne5 44. Kd4 a3 45. Ng2 Nc6+ 46.
Kd3 Kd6 47. Ne3 Kc5 48. Nc2 Ne5+ 49. Kd2 Nxg4 50. Nxa3 f5 51. Nc2 f4 52. Nd4
Kc4 53. Nf3 Nf2 54. Ne5+ Kb5 55. Kc2 Ne4 56. Nf3 Nd6 57. Kd3 Nf5 58. Kc2 Kc4
59. Ne5+ Kb5 60. Nf3 Ka4 61. Kd3 b5 62. Ne5 Ka3 63. Nc6 Kb2 64. Na7 Nd6 65. Kd4
Ne4 66. Nc6 f3 67. Ne5 f2 68. Nd3+ Kxa2 69. Nxf2 Nxf2 70. Kxd5 Kb3 71. Kc5 Ka4
72. Kd4 Ng4 73. c4 b4 74. c5 Nf6 75. c6 Ne8 0-1

[Event "Schacholympiade 2008"]
[Site "Dresden"]
[Date "2008.11.19"]
[Round "6"]
[White "Rajlich, Iweta"]
[Black "Dzagnidze, Nana"]
[Result "0-1"]
[WhiteElo "2404"]
[BlackElo "2503"]
[PlyCount "92"]
[EventDate "2008.11.12"]
[WhiteTeam "Polen"]
[BlackTeam "Georgien"]
[WhiteTeamCountry "POL"]
[BlackTeamCountry "GEO"]

1. d4 Nf6 2. c4 e6 3. Nc3 Bb4 4. Qc2 O-O 5. Nf3 d6 6. Bd2 Qe7 7. a3 Bxc3 8.
Bxc3 Nbd7 9. g3 b6 10. Bh3 Bb7 11. O-O c5 12. dxc5 Nxc5 13. Ng5 Nfe4 14. Nxe4
Nxe4 15. Bb4 a5 16. Be1 Rac8 17. f3 Nf6 18. Bf2 d5 19. Bxb6 Rxc4 20. Qd2 a4 21.
Rfc1 Ba6 22. Bf1 Nd7 23. Bf2 Rb8 24. Qa5 Qd6 25. Rxc4 Bxc4 26. Qxa4 Rxb2 27.
Qa5 h6 28. Bd4 Rb3 29. Qd8+ Kh7 30. a4 e5 31. Bf2 Rb8 32. Qa5 d4 33. f4 Rb2 34.
Qa8 Bd5 35. Qa5 exf4 36. Rd1 fxg3 37. Bxg3 Qe6 38. Rxd4 Nf6 39. Qc3 Rb1 40.
Qd3+ Be4 41. Qe3 Qh3 42. Qf2 Ng4 43. Rb4 Nxf2 44. Rxb1 Qf5 45. Rb4 Nh3+ 46.
Bxh3 Qc5+ 0-1

[Event "Schacholympiade 2008"]
[Site "Dresden"]
[Date "2008.11.19"]
[Round "6"]
[White "Majdan, Joanna"]
[Black "Lomineishvili, Maia"]
[Result "1-0"]
[WhiteElo "2284"]
[BlackElo "2437"]
[PlyCount "79"]
[EventDate "2008.11.12"]
[WhiteTeam "Polen"]
[BlackTeam "Georgien"]
[WhiteTeamCountry "POL"]
[BlackTeamCountry "GEO"]

1. e4 c5 2. Nf3 d6 3. d4 cxd4 4. Nxd4 Nf6 5. Nc3 Nc6 6. Bg5 Bd7 7. Be2 Qa5 8.
Bxf6 gxf6 9. Nf5 Bxf5 10. exf5 Qxf5 11. Nd5 Rc8 12. O-O Rg8 13. Re1 Ne5 14. c3
Bh6 15. f4 Qh3 16. Bf1 Bxf4 17. Qa4+ Kf8 18. Qxf4 Qh5 19. Be2 Qg6 20. Ne3 Rc5
21. Rad1 Nc6 22. Bf3 Rg5 23. h4 Rg3 24. Rd2 Ne5 25. Be4 Qh5 26. Qf5 Qxf5 27.
Nxf5 Rf3 28. Nxe7 Rg4 29. Bxb7 Rff4 30. Nc8 Nc4 31. Rde2 Rxh4 32. b3 Ne5 33.
Nxd6 Rh5 34. Re4 Rxe4 35. Bxe4 Rg5 36. c4 h5 37. Nf5 Ke8 38. Rd1 h4 39. Nxh4
Rg4 40. Nf5 1-0

[Event "Schacholympiade 2008"]
[Site "Dresden"]
[Date "2008.11.20"]
[Round "7"]
[White "Pares Vives, Natalia"]
[Black "Javakhishvili, Lela"]
[Result "0-1"]
[WhiteElo "2299"]
[BlackElo "2473"]
[PlyCount "78"]
[EventDate "2008.11.12"]
[WhiteTeam "Spanien"]
[BlackTeam "Georgien"]
[WhiteTeamCountry "ESP"]
[BlackTeamCountry "GEO"]

1. Nf3 Nf6 2. c4 e6 3. g3 a6 4. Bg2 b5 5. b3 c6 6. O-O d5 7. d3 Be7 8. Bb2 O-O
9. Nbd2 Bb7 10. Qc2 c5 11. Rac1 Nbd7 12. e4 bxc4 13. bxc4 d4 14. Rb1 Bc6 15.
Nb3 Qc7 16. Ba3 e5 17. Nh4 g6 18. Bh3 Nh5 19. Ng2 f5 20. exf5 gxf5 21. Qe2 Ng7
22. f4 Rae8 23. fxe5 Bg5 24. Bc1 Bxc1 25. Rbxc1 Nxe5 26. Qd1 Bxg2 27. Kxg2 Qc6+
28. Kg1 Qh6 29. Kg2 f4 30. gxf4 Rxf4 31. Rxf4 Qxf4 32. Nxc5 Qg5+ 33. Kh1 Qh6
34. Bf1 Ng4 35. Qc2 Rf8 36. Rb1 Nf2+ 37. Kg1 Qe3 38. Nd7 Nd1+ 39. Kg2 Qf3+ 0-1

[Event "Schacholympiade 2008"]
[Site "Dresden"]
[Date "2008.11.21"]
[Round "8"]
[White "Khukhashvili, Sopiko"]
[Black "Bulmaga, Irina"]
[Result "1-0"]
[WhiteElo "2409"]
[BlackElo "2287"]
[PlyCount "59"]
[EventDate "2008.11.12"]
[WhiteTeam "Georgien"]
[BlackTeam "Moldowa"]
[WhiteTeamCountry "GEO"]
[BlackTeamCountry "MDA"]

1. e4 c6 2. d4 d5 3. exd5 cxd5 4. c4 Nf6 5. Nc3 e6 6. c5 Be7 7. Nf3 O-O 8. b4
b6 9. Bf4 a5 10. Na4 Nfd7 11. Bb5 bxc5 12. bxc5 Ba6 13. Qb3 g5 14. Bxa6 Nxa6
15. Nxg5 Bxg5 16. Qg3 Kh8 17. Bxg5 Qb8 18. O-O f6 19. Bh6 Qxg3 20. fxg3 Rfc8
21. Nb6 Nxb6 22. cxb6 Rab8 23. Rxf6 Rxb6 24. Raf1 Rg8 25. Bf4 h6 26. Be5 Kh7
27. Rf7+ Kg6 28. h3 Kg5 29. R1f6 Rb1+ 30. Kh2 1-0

[Event "Schacholympiade 2008"]
[Site "Dresden"]
[Date "2008.11.22"]
[Round "9"]
[White "Krivec, Jana"]
[Black "Dzagnidze, Nana"]
[Result "0-1"]
[WhiteElo "2345"]
[BlackElo "2503"]
[PlyCount "76"]
[EventDate "2008.11.12"]
[WhiteTeam "Slovenien"]
[BlackTeam "Georgien"]
[WhiteTeamCountry "SLO"]
[BlackTeamCountry "GEO"]

1. e4 c5 2. Nc3 Nc6 3. Bb5 Nd4 4. Bc4 e6 5. Nge2 Nf6 6. O-O a6 7. a4 d5 8. exd5
exd5 9. Ba2 Bd6 10. h3 O-O 11. d3 Nxe2+ 12. Qxe2 d4 13. Ne4 Nxe4 14. dxe4 Be6
15. Bxe6 fxe6 16. f4 Qd7 17. e5 Be7 18. Rd1 Qc6 19. Kh2 Rad8 20. b3 Rf7 21. Bd2
Bf8 22. Rf1 g6 23. Rad1 b5 24. axb5 axb5 25. Rf3 c4 26. bxc4 bxc4 27. Ba5 Rd5
28. Be1 Rfd7 29. Bf2 Qb5 30. Rg3 d3 31. cxd3 cxd3 32. Qg4 Qc6 33. f5 exf5 34.
Qxf5 Rf7 35. Qe4 Rxf2 36. Rdxd3 Rc5 37. Qg4 Rxe5 38. Rc3 Rxg2+ 0-1

[Event "Schacholympiade 2008"]
[Site "Dresden"]
[Date "2008.11.22"]
[Round "9"]
[White "Lomineishvili, Maia"]
[Black "Srebrnic, Ana"]
[Result "1-0"]
[WhiteElo "2437"]
[BlackElo "2290"]
[PlyCount "99"]
[EventDate "2008.11.12"]
[WhiteTeam "Georgien"]
[BlackTeam "Slovenien"]
[WhiteTeamCountry "GEO"]
[BlackTeamCountry "SLO"]

1. d4 Nf6 2. c4 g6 3. g3 Bg7 4. Bg2 O-O 5. Nc3 d6 6. Nf3 c6 7. O-O Qb6 8. h3
Qa6 9. Nd2 e5 10. d5 cxd5 11. cxd5 Nbd7 12. e4 b5 13. a4 bxa4 14. Rxa4 Qb7 15.
Nc4 Nc5 16. Ra3 Qb4 17. Na5 Bd7 18. Re1 Rfc8 19. Na2 Qb8 20. b4 Nb7 21. Bf1
Nxa5 22. bxa5 Qb1 23. Bd3 Qb8 24. Kh2 Rc7 25. Qe2 Qc8 26. Ba6 Qd8 27. Bd2 Rb8
28. Nb4 Rc5 29. Bd3 Ra8 30. Na6 Rcc8 31. Rb1 Ne8 32. Rb7 Nc7 33. Nb4 Rcb8 34.
a6 Qc8 35. Nc6 Bxc6 36. dxc6 Ne6 37. Qf3 Qf8 38. Bc4 Rc8 39. Bd5 Nc7 40. Bb4
Nxd5 41. exd5 e4 42. Qxe4 Re8 43. Qf3 Be5 44. Re3 Qg7 45. Rd7 Red8 46. Ba5 Re8
47. c7 h5 48. Rd8 h4 49. Rb3 hxg3+ 50. fxg3 1-0

[Event "Schacholympiade 2008"]
[Site "Dresden"]
[Date "2008.11.22"]
[Round "9"]
[White "Rozic, Vesna"]
[Black "Khukhashvili, Sopiko"]
[Result "0-1"]
[WhiteElo "2293"]
[BlackElo "2409"]
[PlyCount "82"]
[EventDate "2008.11.12"]
[WhiteTeam "Slovenien"]
[BlackTeam "Georgien"]
[WhiteTeamCountry "SLO"]
[BlackTeamCountry "GEO"]

1. d4 Nf6 2. Nf3 d6 3. Bg5 Nbd7 4. Nbd2 e5 5. dxe5 dxe5 6. e4 Be7 7. Be2 O-O 8.
O-O c6 9. c3 Qc7 10. Qc2 Nc5 11. Rfe1 Re8 12. a4 h6 13. Bh4 Nh5 14. Bg3 Nxg3
15. hxg3 a5 16. Nc4 Nd7 17. Ne3 Nf6 18. Bc4 g6 19. Rad1 Kg7 20. Bf1 Bc5 21. Nd2
Bg4 22. Rc1 Rad8 23. Nb3 Ba7 24. c4 Be6 25. Nd2 Rd4 26. Nf3 Rxe4 27. c5 Rb4 28.
Qc3 Bb3 29. Nc2 Bxc2 30. Rxc2 e4 31. Rce2 b6 32. Nd2 Qe5 33. cxb6 Bxb6 34. Qxe5
Rxe5 35. b3 e3 36. fxe3 Ng4 37. Nc4 Rxc4 38. bxc4 Nxe3 39. Rb1 Bc5 40. Rf2 Ng4
41. Rbb2 Nxf2 0-1

[Event "Schacholympiade 2008"]
[Site "Dresden"]
[Date "2008.11.23"]
[Round "10"]
[White "Shen, Yang"]
[Black "Javakhishvili, Lela"]
[Result "1/2-1/2"]
[WhiteElo "2450"]
[BlackElo "2473"]
[PlyCount "101"]
[EventDate "2008.11.12"]
[WhiteTeam "China"]
[BlackTeam "Georgien"]
[WhiteTeamCountry "CHN"]
[BlackTeamCountry "GEO"]

1. d4 Nf6 2. c4 e6 3. Nf3 Bb4+ 4. Bd2 Qe7 5. g3 O-O 6. Bg2 Bxd2+ 7. Qxd2 d6 8.
Nc3 e5 9. O-O Re8 10. Rac1 e4 11. Ne1 c6 12. d5 c5 13. Nc2 a6 14. Ne3 Qe5 15.
a3 Nbd7 16. b4 Rb8 17. Rb1 h5 18. Rfd1 h4 19. Qc2 hxg3 20. hxg3 g6 21. Na4 Qh5
22. bxc5 dxc5 23. Nc3 Qe5 24. d6 Kg7 25. Qb2 Re6 26. a4 Rxd6 27. Rxd6 Qxd6 28.
Nxe4 Qd4 29. Nc3 Qe5 30. Qa3 b6 31. a5 bxa5 32. Rd1 a4 33. Nxa4 Bb7 34. Bxb7
Rxb7 35. Nc3 Rb8 36. Kg2 Ne4 37. Nxe4 Qxe4+ 38. f3 Qe6 39. Qc3+ Nf6 40. Kf2 Re8
41. Rd2 Kg8 42. Ra2 Nh5 43. Ng4 Qd6 44. f4 Qe6 45. Qe5 Qd7 46. Rd2 Qc8 47. Qg5
Qe6 48. Qe5 Qc8 49. Qg5 Qe6 50. Qe5 Qc8 51. Qg5 1/2-1/2

[Event "Schacholympiade 2008"]
[Site "Dresden"]
[Date "2008.11.25"]
[Round "11"]
[White "Bojkovic, Natasa"]
[Black "Dzagnidze, Nana"]
[Result "1/2-1/2"]
[WhiteElo "2420"]
[BlackElo "2503"]
[PlyCount "146"]
[EventDate "2008.11.12"]
[WhiteTeam "SRB"]
[BlackTeam "Georgien"]
[BlackTeamCountry "GEO"]

1. e4 c5 2. c3 d5 3. exd5 Qxd5 4. d4 Nf6 5. Nf3 Bg4 6. dxc5 Qxc5 7. h3 Bd7 8.
Be3 Qc7 9. Na3 e6 10. Nb5 Bxb5 11. Bxb5+ Nbd7 12. Qa4 Be7 13. Rd1 a6 14. O-O
Rd8 15. Bxd7+ Nxd7 16. Bf4 Qc8 17. Bd6 Bxd6 18. Rxd6 O-O 19. Rfd1 Nf6 20. Qd4
Rxd6 21. Qxd6 Nd5 22. Rd4 Rd8 23. Qe5 Nf6 24. Qa5 Rd7 25. Qa4 h6 26. Ne5 Rd8
27. Qb4 Rxd4 28. Qxd4 Qc7 29. a4 Nd5 30. Nd3 a5 31. c4 Ne7 32. b3 Nc6 33. Qe3
Qd6 34. Nc5 Qd1+ 35. Kh2 b6 36. Ne4 Qd4 37. Kg1 Kf8 38. Nd2 Qxe3 39. fxe3 Ke7
40. Kf2 f5 41. Ke2 Kd6 42. Kd3 g5 43. Nf3 e5 44. Kc3 Nb4 45. g3 Na6 46. Nd2 Ke6
47. Kd3 e4+ 48. Kd4 Nb4 49. c5 Nc2+ 50. Kc3 Nxe3 51. cxb6 Nd5+ 52. Kd4 Nxb6 53.
g4 f4 54. Kxe4 Nd7 55. Kd4 Ne5 56. Kc5 f3 57. b4 axb4 58. a5 Kd7 59. a6 Kc7 60.
Kxb4 f2 61. Kc5 Nf3 62. Nf1 Ng1 63. Kd5 Nxh3 64. Ke4 Kb6 65. Kf3 Nf4 66. Kxf2
Kb5 67. Ne3 Kc5 68. Nf5 h5 69. gxh5 Nxh5 70. Kf3 Nf6 71. Ng3 Kd4 72. Nh5 Nxh5
73. Kg4 Kd5 1/2-1/2

[Event "Schacholympiade 2008"]
[Site "Dresden"]
[Date "2008.11.25"]
[Round "11"]
[White "Chelushkina, Irina"]
[Black "Khukhashvili, Sopiko"]
[Result "0-1"]
[WhiteElo "2360"]
[BlackElo "2409"]
[PlyCount "100"]
[EventDate "2008.11.12"]
[WhiteTeam "SRB"]
[BlackTeam "Georgien"]
[BlackTeamCountry "GEO"]

1. e4 c5 2. Nf3 d6 3. d4 cxd4 4. Nxd4 Nf6 5. Nc3 Nc6 6. Be2 g6 7. O-O Bg7 8.
Nb3 O-O 9. Bg5 a6 10. a4 Be6 11. Kh1 Rc8 12. f4 Nb4 13. Nd2 Qd7 14. a5 Rc5 15.
Na4 Rxc2 16. Nb6 Qc6 17. Bf3 Qb5 18. b3 h6 19. Bh4 Qd3 20. Ndc4 Bxc4 21. bxc4
Rd2 22. e5 Rxd1 23. Raxd1 Qf5 24. exf6 Bxf6 25. Bxf6 exf6 26. Bxb7 Qxa5 27. Nd7
Qc7 28. Nxf8 Qxb7 29. c5 d5 30. f5 g5 31. Rb1 a5 32. Ne6 fxe6 33. fxe6 Qe7 34.
Rfe1 d4 35. h3 Kf8 36. Re4 d3 37. Rf1 Ke8 38. Rc1 d2 39. Rd1 Qxc5 40. Re2 Nd3
41. Rdxd2 Qc1+ 42. Kh2 Ne5 43. Rc2 Qf4+ 44. g3 Qf1 45. g4 Qf4+ 46. Kg2 Ke7 47.
Rc3 Kxe6 48. Ree3 Qd4 49. Ra3 Kf7 50. Re2 Qd5+ 0-1